000 00526nam a2200181Ia 4500
005 20250326144317.0
008 250326s9999 xx 000 0 und d
037 _aTextbook
040 _aFMSL
_beng
_cFMSL
041 _aeng
_2eng
084 _aX:8Fv56.N69-90 P7
_qFMSL
100 _aRutherford B A
_9440216
245 0 _aFicial reporting in the UK
_cRutherford B A
260 _aNY
_bNY, Routledge
_c2007
365 _b6270.4499999999998
942 _cTB
_hX:8Fv56.N69-90 P7
999 _c1303250
_d1303250